000 00890na a2200301 4500
001 17260
003 MIRAKIL
005 20181213155123.0
008 161023b tu 000 0
020 _a9753473397
035 _a17260
040 _aMilas
_btur
_cTR-AnCHP
041 _atur
082 _a344.0102632
_bİ78 2001
090 _a344.0102632 İ78 2001
245 _aİş ve sosyal sigorta kanunları
_cYayın danışmanı İbrahim Pınar ; yayına hazırlayan Remzi Özmen
250 _a6. bs.
260 _aAnkara
_bSeçkin
_c2001
300 _a760 s.
_c14 sm.
490 _aKanun Metinleri serisi
_v27
650 _aSosyal sigorta
_xKanunlar
_zTürkiye
650 _aİş (Çalışma)
_xHukuk ve mevzuat
_zTürkiye
650 _aİş hukuku
_xKanunlar
_zTürkiye
657 _aİş Kanunu
700 _aÖzmen, Remzi
700 _aPınar, İbrahim
942 _2ddc
_cBKS
999 _c6921
_d6921